एक गुमशुदा औरत की डायरीः (Record no. 51496)
[ view plain ]
| 000 -LEADER | |
|---|---|
| fixed length control field | 01531nam a22003257a 4500 |
| 005 - DATE AND TIME OF LATEST TRANSACTION | |
| control field | 20080929101452.0 |
| 008 - FIXED-LENGTH DATA ELEMENTS--GENERAL INFORMATION | |
| fixed length control field | 080929t xxu||||| |||| 00| 0chin d |
| 010 ## - LCCN (DPL NO) | |
| LC control number | HIN-92272 |
| 020 ## - INTERNATIONAL STANDARD BOOK NUMBER | |
| Terms of availability | 350.00 |
| International Standard Book Number | 9789380327204 |
| 035 ## - SYSTEM CONTROL NUMBER | |
| System control number | HN-64618 |
| 037 ## - SOURCE OF ACQUISITION | |
| Source of stock number/acquisition | DBAD / PUB |
| 040 ## - CATALOGING SOURCE | |
| Original cataloging agency | DPL |
| Language of cataloging | HN |
| 082 ## - DEWEY DECIMAL CLASSIFICATION NUMBER | |
| Classification number | क |
| 100 ## - MAIN ENTRY--PERSONAL NAME | |
| 9 (RLIN) | 26640 |
| 245 ## - TITLE STATEMENT | |
| Title | एक गुमशुदा औरत की डायरीः |
| Statement of responsibility, etc | ललित कार्तिकेय द्वारा अनुदित |
| Remainder of title | स्त्री-चेतना की प्रखर कथाकार सिमोन द बोवुआर की लंबी कहानियां / |
| 246 ## - VARYING FORM OF TITLE | |
| Title proper/short title | ek Gumshuda surat ki diary |
| Remainder of title | by Lalit Kartikay |
| 250 ## - EDITION STATEMENT | |
| Edition statement | 10वां संस्क |
| 260 ## - PUBLICATION, DISTRIBUTION, ETC. (IMPRINT) | |
| Place of publication, distribution, etc | मेरठ |
| Name of publisher, distributor, etc | संवाद प्रकाशन |
| Date of publication, distribution, etc | 2010 |
| 270 ## - ADDRESS | |
| Address | आई-499, शास्त्रीनगर |
| City | मेरठ (उ.प्र.) |
| Postal code | 250004 |
| 300 1# - PHYSICAL DESCRIPTION | |
| Extent | 214पृ. |
| Dimensions | 22सेमी (सजिल्द) |
| 490 ## - SERIES STATEMENT | |
| Series statement | विश्व ग्रंथमालाः आलोक श्रीवास्तव |
| -- | 27151 |
| 650 ## - SUBJECT ADDED ENTRY--TOPICAL TERM | |
| 9 (RLIN) | 697 |
| Topical term or geographic name as entry element | लघु कथाएँ, हिन्दी |
| 650 ## - SUBJECT ADDED ENTRY--TOPICAL TERM | |
| 9 (RLIN) | 26674 |
| Topical term or geographic name as entry element | Hindi Story |
| 650 ## - SUBJECT ADDED ENTRY--TOPICAL TERM | |
| 9 (RLIN) | 698 |
| 700 ## - ADDED ENTRY--PERSONAL NAME | |
| 9 (RLIN) | 26643 |
| Personal name | ललित कार्तिकेय |
| 700 ## - ADDED ENTRY--PERSONAL NAME | |
| 9 (RLIN) | 27078 |
| 710 ## - ADDED ENTRY--CORPORATE NAME | |
| 9 (RLIN) | 26662 |
| 942 ## - ADDED ENTRY ELEMENTS (KOHA) | |
| Source of classification or shelving scheme | Dewey Decimal Classification |
| Item type | Hindi Books |
| Classification part | क |
| Call number suffix | एकगु |
| Withdrawn status | Lost status | Source of classification or shelving scheme | Damaged status | Not for loan | Collection code | Home library | Current library | Date acquired | Source of acquisition | Cost, normal purchase price | Total Checkouts | Full call number | Barcode | Date last seen | Copy number | Cost, replacement price | Koha item type |
|---|---|---|---|---|---|---|---|---|---|---|---|---|---|---|---|---|---|
| Dewey Decimal Classification | Not For Loan | Fiction | D.B.Act.Division | D.B.Act.Division | 07/04/2011 | DBAD /PUB | 350.00 | क एकगु | HN-64618 | 07/04/2011 | 1 | 350.00 | Hindi Books |
